000 00299nam a2200109 a 4500
005 20201002044927.0
008 140403s1971 000 spa d
100 _aAlarcon, Pedro A., de
_971523
245 3 _aEl sombrero de tres picos.
260 _aMadrid -- Libra,
_c1971 -- 176 p.
999 _c43190
_d43190
040 _aDO-SdBNP